000 00479nam a2200181Ia 4500
001 20386
005 20260306172802.0
008 260306t2015||||xx |||||||||||||| ||spa||
041 _aESP
082 _a343.2C13
_bD89
100 _aDonayre Montesinos, Christian
_eAUT
245 0 _aConstitución política del perú 1993:
_bsumillas, índice analítico
260 _c2015
300 _a161 páginas :
_c21 cm.
650 _aGEN
654 _aCDE
942 _cLIB
_dJUS
_fJUS
_2ddc
_n
999 _c20386
_d20386